Statistics for Ions Part 3-4 - Rand

Click here to take the quiz!

General Stats

  • This quiz has been taken 6 times
  • The average score is 5 of 30

Answer Stats

HintAnswer% Correct
ClO3-Chlorate
67%
NH4+Ammonium
33%
CO3-2Carbonate
33%
CrO4-2Chromate
33%
OH-Hydroxide
33%
IO3-Iodate
33%
NO3-Nitrate
33%
NO2-Nitrite
33%
IO4-Periodate
33%
PO4-3Phosphate
33%
PO3-3Phosphite
33%
SO4-2Sulfate
33%
SO3-2Sulfite
33%
C2H3O2-Acetate
0%
AsO4-3Arsenate
0%
BrO3-Bromate
0%
BrO2-Bromite
0%
ClO2-Chlorite
0%
CN-Cyanide
0%
CrO7-2Dichromate
0%
H2PO4-Dihydrogen phosphate
0%
HCO3-Hydrogen carbonate
0%
HPO4-2Hydrogen phosphate
0%
ClO-Hypochlorite
0%
C2O4-2Oxalate
0%
ClO4-Perchlorate
0%
MnO4-Permanganate
0%
O2-2Peroxide
0%
SCN-Thiocyanate
0%
S2O3-2Thiosulfate
0%

Score Distribution

Percentile by Number Answered

Percent of People with Each Score

Your Score History

You have not taken this quiz